Systems of computer algebra. New software ToolBox for Maple. Series. Computer mathematics /
Uloženo v:
| Hlavní autor: | |
|---|---|
| Další autoři: | |
| Médium: | Kniha |
| Jazyk: | angličtina |
| Vydáno: |
Tallinn :
International Academy of Noosphere,
2003
|
| Vydání: | [1st ed.] |
| Témata: | |
| ISBN: | 9985927761 |
| On-line přístup: |
|
| Tagy: |
Přidat tag
Žádné tagy, Buďte první, kdo vytvoří štítek k tomuto záznamu!
|
MARC
| LEADER | 00000nam a2200000 4500 | ||
|---|---|---|---|
| 003 | SK-BrCVT | ||
| 005 | 20220617213808.0 | ||
| 008 | 040702s2003 er e ||||||eng d | ||
| 020 | |a 9985927761 | ||
| 035 | |a CVTIDW0972743 | ||
| 040 | |b slo |a CVTI SR | ||
| 041 | 0 | |a eng | |
| 044 | |a er | ||
| 080 | |a 004:51 |2 UDC-MRF | ||
| 100 | 1 | |a Aladjev, Victor Zacharias | |
| 242 | 1 | 0 | |a Systémy počítačovej algebry. Nový softvérový balík nástrojov pre Maple. Séria. Počítačová matematika |
| 245 | 1 | 0 | |a Systems of computer algebra. New software ToolBox for Maple. Series. Computer mathematics / |c Victor Zacharias Aladjev, Venceslaus Alexis Vaganov |
| 250 | |a [1st ed.] | ||
| 260 | |a Tallinn : |b International Academy of Noosphere, |c 2003 | ||
| 300 | |a 268 s. : |b grafy, lit., tab. ; | ||
| 653 | 1 | |a numerický výraz |a lineárna algebra |a text |a databáza |a štatistická hypotéza | |
| 700 | 1 | |a Vaganov, Venceslaus Alexis | |
| 910 | |b A590913 | ||
| 919 | |a 9985-9277-6-1 | ||
| 974 | |f Knihy | ||
| 992 | |a AMG | ||
| 999 | |c 137054 |d 137054 | ||

